The press and society, (Record no. 71970)

MARC details
000 -LEADER
fixed length control field 00762cam a22002531 4500
001 - CONTROL NUMBER
control field sa 67000412
003 - CONTROL NUMBER IDENTIFIER
control field DLC
005 - DATE AND TIME OF LATEST TRANSACTION
control field 20260227112314.0
008 - FIXED-LENGTH DATA ELEMENTS--GENERAL INFORMATION
fixed length control field 720605s1965 xx 000 0 eng
010 ## - LIBRARY OF CONGRESS CONTROL NUMBER
LC control number sa 67000412
035 ## - SYSTEM CONTROL NUMBER
System control number (OCoLC)325014
040 ## - CATALOGING SOURCE
Original cataloging agency DLC
Transcribing agency OBgU
Modifying agency DLC
042 ## - AUTHENTICATION CODE
Authentication code premarc
050 00 - LIBRARY OF CONGRESS CALL NUMBER
Classification number PN4749
Item number .P3
100 1# - MAIN ENTRY--PERSONAL NAME
Personal name Parikh, R. D.
245 14 - TITLE STATEMENT
Title The press and society,
Remainder of title a sociological study
Statement of responsibility, etc. [by] R. D. Parikh.
260 ## - PUBLICATION, DISTRIBUTION, ETC.
Place of publication, distribution, etc. Bombay,
Name of publisher, distributor, etc. Popular Prakashan,
Date of publication, distribution, etc. [c1965]
300 ## - PHYSICAL DESCRIPTION
Extent xvi, 154 p.
Dimensions 22 cm.
490 ## - SERIES STATEMENT
Series statement M. S. University of Baroda. Dept. of Sociology publication
Volume/sequential designation no.6
504 ## - BIBLIOGRAPHY, ETC. NOTE
Bibliography, etc. note Bibliography: p. 136-142.
650 #0 - SUBJECT ADDED ENTRY--TOPICAL TERM
Topical term or geographic name entry element Journalism
General subdivision Social aspects.
650 #0 - SUBJECT ADDED ENTRY--TOPICAL TERM
Topical term or geographic name entry element Gujarati newspapers.
650 #0 - SUBJECT ADDED ENTRY--TOPICAL TERM
Topical term or geographic name entry element Gujarati periodicals.

No items available.

Powered by Koha